<?xml version="1.0" encoding="UTF-8"?>
<record
    xmlns:xsi="http://www.w3.org/2001/XMLSchema-instance"
    xsi:schemaLocation="http://www.loc.gov/MARC21/slim http://www.loc.gov/standards/marcxml/schema/MARC21slim.xsd"
    xmlns="http://www.loc.gov/MARC21/slim">

  <leader>00600nam a22001817a 4500</leader>
  <controlfield tag="005">20231009124741.0</controlfield>
  <datafield tag="010" ind1=" " ind2=" ">
    <subfield code="a">UR-12313</subfield>
  </datafield>
  <datafield tag="020" ind1=" " ind2=" ">
    <subfield code="a">9789350078322</subfield>
    <subfield code="c">160.00</subfield>
  </datafield>
  <datafield tag="035" ind1=" " ind2=" ">
    <subfield code="a">U-10868</subfield>
  </datafield>
  <datafield tag="037" ind1=" " ind2=" ">
    <subfield code="b">DBAD/PUB</subfield>
  </datafield>
  <datafield tag="082" ind1=" " ind2=" ">
    <subfield code="a">910.03</subfield>
  </datafield>
  <datafield tag="245" ind1=" " ind2=" ">
    <subfield code="a">&#x62C;&#x63A;&#x631;&#x627;&#x641;&#x6CC;&#x6C1; &#x6A9;&#x6CC; &#x644;&#x63A;&#x62A; &#x627;&#x633;&#x6A9;&#x648;&#x644;&#x648;&#x6BA; &#x6A9;&#x6D2; &#x644;&#x6CC;&#x6D2; (&#x633;&#x6C1; &#x644;&#x633;&#x627;&#x646;&#x6CC;) </subfield>
  </datafield>
  <datafield tag="246" ind1=" " ind2=" ">
    <subfield code="a">Dictionary of Geography for schools (Trilingual) </subfield>
  </datafield>
  <datafield tag="260" ind1=" " ind2=" ">
    <subfield code="a">New Delhi</subfield>
    <subfield code="b">NCERT</subfield>
    <subfield code="c">2017 &#x621;</subfield>
  </datafield>
  <datafield tag="270" ind1=" " ind2=" ">
    <subfield code="a">Publication Division, Sri Aurobindo Marg</subfield>
    <subfield code="b">New Delhi</subfield>
    <subfield code="e">1100016</subfield>
  </datafield>
  <datafield tag="300" ind1=" " ind2=" ">
    <subfield code="a">149 &#x635;</subfield>
    <subfield code="c">28cm(pbk)     </subfield>
  </datafield>
  <datafield tag="942" ind1=" " ind2=" ">
    <subfield code="2">ddc</subfield>
    <subfield code="c">UR</subfield>
    <subfield code="h">910.03</subfield>
    <subfield code="m">&#x62C; &#x63A; &#x631;</subfield>
    <subfield code="e"> </subfield>
  </datafield>
  <datafield tag="999" ind1=" " ind2=" ">
    <subfield code="c">198744</subfield>
    <subfield code="d">198744</subfield>
  </datafield>
  <datafield tag="952" ind1=" " ind2=" ">
    <subfield code="0">0</subfield>
    <subfield code="1">0</subfield>
    <subfield code="4">0</subfield>
    <subfield code="7">0</subfield>
    <subfield code="8">NFIC</subfield>
    <subfield code="a">BN</subfield>
    <subfield code="b">BN</subfield>
    <subfield code="d">2023-10-09</subfield>
    <subfield code="e">DBAD/PUB.</subfield>
    <subfield code="g">160.00</subfield>
    <subfield code="l">0</subfield>
    <subfield code="o">910.03 &#x62C; &#x63A; &#x631;</subfield>
    <subfield code="p">U-10868</subfield>
    <subfield code="r">2023-10-09 00:00:00</subfield>
    <subfield code="t">1</subfield>
    <subfield code="v">160.00</subfield>
    <subfield code="w">2023-10-09</subfield>
    <subfield code="y">UR</subfield>
  </datafield>
</record>
